000 00633nam a2200217Ii 4500
003 JO-AjNU
008 230606s9999||||xx |||||||||||||| ||und||
020 _a978-1-292-26490-5
040 _aJO-AjNU
_beng
_erda
_cJO-AjNU
041 _aeng
050 1 4 _aTA177.4.S85 2020
100 3 _a Sullivan, William G., Elin M Wicks, C. Patrick Koelling,
_eauthor
_96330
245 0 0 _aEngineering Economy
250 _a17th ed
264 3 1 _aMalaysia: Pearson, 2020
300 _a746p
336 _atext
_btxt
_2rdacontent
337 _aunmediated
_bn
_2rdamedia
338 _avolume
_bnc
_2rdacarrier
650 4 _aEngineering economy
_96331
999 _aE3283
_c3279
_d3279